[Event "53rd World U20 ch"]
[Site "Pune IND"]
[Date "2014.10.10"]
[Round "5.22"]
[White "Anurag, Mhamal"]
[Black "Visakh, N. R."]
[Result "1/2-1/2"]
[WhiteElo "2442"]
[BlackElo "2300"]
[EventDate "2014.10.06"]
[PlyCount "115"]

1.d4 Nf6 2.c4 e6 3.Nf3 d5 4.g3 Bb4+ 5.Bd2 Be7 6.Bg2 O-O 7.O-O Nbd7 8.Qc2 
c6 9.Rd1 b6 10.Bf4 Bb7 11.Nc3 Nh5 12.Bc1 f5 13.cxd5 cxd5 14.Ne1 Rc8 15.Nd3
Bd6 16.Qb3 Qe7 17.Nb5 Bb8 18.Bd2 a5 19.Rdc1 Nhf6 20.Bf4 Bxf4 21.gxf4 Ne4 
22.Na7 Ra8 23.Nc6 Qd6 24.Nce5 Nef6 25.Rc2 Rfc8 26.Rac1 Rxc2 27.Rxc2 Rc8 
28.Nxd7 Nxd7 29.Rxc8+ Bxc8 30.Qb5 Kf8 31.b4 axb4 32.Nxb4 Bb7 33.e3 Ke7 34.
Bf1 Nb8 35.Qa4 Nc6 36.Nxc6+ Qxc6 37.Bb5 Qc7 38.Qa3+ Kf6 39.Qf8+ Kg6 40.
Qe8+ Kf6 41.Bd7 Qd6 42.Qd8+ Qe7 43.Qc7 Ba6 44.a4 Be2 45.Kg2 Bh5 46.Qe5+ 
Kf7 47.Bc6 Qd8 48.f3 Bg6 49.Kg3 h6 50.Kf2 Qh4+ 51.Kg2 Qd8 52.Kf1 Bh5 53.
Ke2 Qh4 54.Bd7 Bxf3+ 55.Kxf3 Qh3+ 56.Ke2 Qg2+ 57.Ke1 Qg1+ 58.Ke2 1/2-1/2

[Event "53rd World U20 ch"]
[Site "Pune IND"]
[Date "2014.10.10"]
[Round "5.23"]
[White "Harsha, Bharathakoti"]
[Black "Westerberg, Jonathan"]
[Result "1-0"]
[WhiteElo "2296"]
[BlackElo "2420"]
[EventDate "2014.10.06"]
[PlyCount "113"]

1.c4 g6 2.Nf3 Bg7 3.d4 c5 4.d5 d6 5.e4 e6 6.Nc3 exd5 7.cxd5 a6 8.a4 Bg4 9.
Be2 Bxf3 10.Bxf3 Nd7 11.O-O Ne7 12.Bf4 Ne5 13.a5 O-O 14.Be2 h6 15.Qd2 Kh7 
16.Na4 f5 17.Nb6 Rb8 18.Ra4 Qe8 19.Qc2 Rd8 20.b4 fxe4 21.Bxe5 dxe5 22.bxc5
Nxd5 23.Nxd5 Rxd5 24.Rxe4 Qc6 25.Rc1 Rfd8 26.Bf3 Rd2 27.Qa4 Qc7 28.h4 R2d4
29.Qb3 Rd3 30.Qb6 Qf7 31.Rg4 h5 32.Rg3 Bh6 33.Rb1 Bf4 34.Qxb7 R3d7 35.Qxa6
Qf5 36.Re1 Bxg3 37.fxg3 e4 38.Bxe4 Qxc5+ 39.Kh2 Rd6 40.Qb7+ R8d7 41.Qa8 
Re6 42.Rf1 Kg7 43.Bf3 Ra7 44.Qb8 Rf7 45.Qb2+ Rff6 46.Rd1 Qc7 47.Rd5 Kh7 
48.Rb5 Qg7 49.Qc2 Kh6 50.Qd2+ Kh7 51.Qd3 Kh6 52.a6 Rf7 53.Rb7 Rxb7 54.axb7
Qe5 55.Qd2+ Kg7 56.Qd7+ Kf6 57.Qd8+ 1-0

[Event "53rd World U20 ch"]
[Site "Pune IND"]
[Date "2014.10.10"]
[Round "5.24"]
[White "Repka, Christopher"]
[Black "Manigandan, S. S."]
[Result "1-0"]
[WhiteElo "2418"]
[BlackElo "2099"]
[EventDate "2014.10.06"]
[PlyCount "72"]

1.Nf3 Nf6 2.d4 g6 3.c4 Bg7 4.g3 d5 5.cxd5 Nxd5 6.Bg2 Nb6 7.Nc3 Nc6 8.O-O 
Nxd4 9.Nxd4 Qxd4 10.a4 c6 11.a5 Qxd1 12.Rxd1 Nc4 13.a6 Nd6 14.axb7 Bxb7 
15.Na4 c5 16.Bxb7 Nxb7 17.Nb6 Rd8 18.Rxd8+ Kxd8 19.Rxa7 Kc7 20.Nc4 Rd8 21.
Kg2 Kc6 22.b3 Rd1 23.Ra6+ Kd7 24.Be3 Rb1 25.Nb6+ Kd8 26.Bf4 Ra1 27.Na4 e5 
28.Bg5+ Kc7 29.Bf6 Bxf6 30.Rxf6 Nd6 31.Nxc5 Ra2 32.Kf3 Rc2 33.b4 Rc4 34.h4
h5 35.e3 Kc6 36.Ne4 Kd5 1-0

[Event "53rd World U20 ch"]
[Site "Pune IND"]
[Date "2014.10.10"]
[Round "5.25"]
[White "Mithil, Ajgaonkar"]
[Black "Csonka, Balazs"]
[Result "1/2-1/2"]
[WhiteElo "2258"]
[BlackElo "2412"]
[EventDate "2014.10.06"]
[PlyCount "60"]

1.d4 Nf6 2.Nf3 g6 3.c4 Bg7 4.g3 O-O 5.Bg2 c6 6.O-O d5 7.Nbd2 Bf5 8.Nh4 Be6
9.b3 c5 10.Bb2 cxd4 11.Nhf3 Nc6 12.Nxd4 Nxd4 13.Bxd4 Qd7 14.Rc1 Rfd8 15.
Bxf6 Bxf6 16.cxd5 Bxd5 17.Ne4 Bxe4 18.Qxd7 Rxd7 19.Bxe4 Rad8 20.Rc2 b6 21.
Bd3 e6 22.Kg2 Kg7 23.Rfc1 a5 24.Rc7 Be5 25.Rc8 Rxc8 26.Rxc8 Rc7 27.Rxc7 
Bxc7 28.f4 f5 29.e4 e5 30.exf5 exf4 1/2-1/2

[Event "53rd World U20 ch"]
[Site "Pune IND"]
[Date "2014.10.10"]
[Round "5.26"]
[White "Prasannaa, S."]
[Black "Sidhant, Mohapatra"]
[Result "1/2-1/2"]
[WhiteElo "2232"]
[BlackElo "2382"]
[EventDate "2014.10.06"]
[PlyCount "61"]

1.d4 d5 2.c4 c6 3.Nf3 Nf6 4.e3 Bg4 5.Qb3 Qb6 6.Nc3 e6 7.c5 Qc7 8.e4 dxe4 
9.Ne5 Nbd7 10.Bf4 Nh5 11.Be3 Nhf6 12.Nxg4 Nxg4 13.Nxe4 Nxe3 14.fxe3 Be7 
15.Bd3 Qa5+ 16.Qc3 Qxc3+ 17.Nxc3 Bg5 18.Ke2 e5 19.Ne4 Be7 20.Rhf1 exd4 21.
exd4 Nf6 22.Ng5 O-O 23.Rae1 Rfe8 24.Kd2 h6 25.Nf3 Rad8 26.Re2 Nd5 27.Rfe1 
Bg5+ 28.Nxg5 Rxe2+ 29.Rxe2 hxg5 30.g3 g6 31.Bc4 1/2-1/2

[Event "53rd World U20 ch"]
[Site "Pune IND"]
[Date "2014.10.10"]
[Round "5.27"]
[White "Sai Vishwesh, Chandrakaladaran"]
[Black "Cabarkapa, Novak"]
[Result "1-0"]
[WhiteElo "2151"]
[BlackElo "2379"]
[EventDate "2014.10.06"]
[PlyCount "131"]

1.e4 e6 2.d4 d5 3.Nc3 Nf6 4.Bg5 dxe4 5.Nxe4 Be7 6.Bxf6 gxf6 7.Nf3 f5 8.Nc3
a6 9.Qd2 b5 10.O-O-O Qd6 11.Bd3 Bb7 12.d5 Bxd5 13.Nxd5 Qxd5 14.Qc3 O-O 15.
g4 b4 16.Qxc7 Bf6 17.gxf5 Qxa2 18.Rhg1+ Kh8 19.Ne5 Nc6 20.Nxf7+ Rxf7 21.
Qxf7 Qxb2+ 22.Kd2 exf5 23.Ke1 b3 24.Kf1 bxc2 25.Bxc2 Ne7 26.Rd6 Qa1+ 27.
Kg2 Rg8+ 28.Qxg8+ Kxg8 29.Rxa1 Bxa1 30.Rxa6 Be5 31.Re6 Ng6 32.Kh1 Bd4 33.
Bxf5 Nh4 34.Be4 Bxf2 35.Rf6 Be3 36.h3 Kg7 37.Re6 Bg5 38.Kg1 Ng6 39.Ra6 Ne7
40.Kg2 h5 41.Kg3 h4+ 42.Kg4 Bf6 43.Kh5 Ng8 44.Bd5 Ne7 45.Be6 Ng6 46.Ra7+ 
Ne7 47.Ra8 Be5 48.Kxh4 Kf6 49.Ra6 Bc3 50.Kg4 Bd2 51.h4 Kg7 52.Bb3 Ng6 53.
h5 Ne5+ 54.Kf5 Nf3 55.Rd6 Bc1 56.Rd1 Bb2 57.Rd7+ Kh6 58.Rd6+ Kh7 59.Bf7 
Bc1 60.Rd7 Kh6 61.Bg8 Ng5 62.Rd6+ Kg7 63.Rg6+ Kh8 64.Rc6 Bd2 65.Kg6 Nf3 
66.Rc8 1-0

[Event "53rd World U20 ch"]
[Site "Pune IND"]
[Date "2014.10.10"]
[Round "5.28"]
[White "Doluweera, Minul Sanjula"]
[Black "Arat, Ufuk Sezen"]
[Result "0-1"]
[WhiteElo "1827"]
[BlackElo "2357"]
[EventDate "2014.10.06"]
[PlyCount "84"]

1.d4 g6 2.c4 Bg7 3.Nc3 Nf6 4.e4 d6 5.f4 O-O 6.Nf3 c5 7.dxc5 Qa5 8.Bd3 Qxc5
9.Qe2 Nc6 10.Be3 Qa5 11.Rc1 Be6 12.O-O Ng4 13.Bd2 Qb6+ 14.Kh1 Qxb2 15.h3 
Nf6 16.Rb1 Qa3 17.Rb3 Qa5 18.Nd5 Qxa2 19.Rxb7 Rab8 20.Nxe7+ Nxe7 21.Rxe7 
Rfc8 22.e5 dxe5 23.fxe5 Nh5 24.Kh2 Bf8 25.Rxe6 fxe6 26.Ng5 Ng7 27.Qf2 Rc7 
28.Kh1 Bc5 29.Qh4 Nf5 30.Bxf5 exf5 31.Ne6 Be7 32.Qh6 Bf8 33.Nxf8 Rxf8 34.
Bb4 Re8 35.Bd6 Qxc4 36.Rf4 Qc1+ 37.Kh2 Rf7 38.Qh4 Qe3 39.Rc4 f4 40.Qg5 Rf5
41.Qh6 Qg3+ 42.Kh1 f3 0-1

[Event "53rd World U20 ch"]
[Site "Pune IND"]
[Date "2014.10.10"]
[Round "5.29"]
[White "Indic, Aleksandar"]
[Black "Rahul Srivatshav, P."]
[Result "1-0"]
[WhiteElo "2554"]
[BlackElo "2061"]
[EventDate "2014.10.06"]
[PlyCount "131"]

1.d4 Nf6 2.Nf3 g6 3.g3 Bg7 4.Bg2 O-O 5.O-O d6 6.a4 Nc6 7.Nc3 e5 8.d5 Ne7 
9.e4 a5 10.Nd2 Nd7 11.Nc4 f5 12.exf5 Nxf5 13.Ne4 h6 14.c3 Nf6 15.Nxf6+ 
Qxf6 16.Nd2 Bd7 17.Ne4 Qe7 18.Qd3 Rfb8 19.c4 Rf8 20.b3 b6 21.Bb2 Qf7 22.
Rae1 Rae8 23.h4 Kh8 24.Re2 Nd4 25.Bxd4 exd4 26.f4 Bf5 27.Rfe1 Qd7 28.Bf3 
Re7 29.Qd2 Bg4 30.Kg2 Bh3+ 31.Kh2 Bg4 32.Bxg4 Qxg4 33.Nf2 Rxe2 34.Qxe2 
Qxe2 35.Rxe2 g5 36.hxg5 hxg5 37.Nd3 Bh6 38.Re4 gxf4 39.gxf4 Rf7 40.Kg3 Bg7
41.Re6 Kh7 42.Kf3 Bf6 43.Ke4 Rf8 44.Ne1 Bh4 45.Nf3 Bf6 46.Kd3 Kg7 47.Re4 
Rh8 48.Nxd4 Rh3+ 49.Re3 Rh2 50.Ne6+ Kg6 51.Ke4 Rd2 52.Rg3+ Kf7 53.Nxc7 
Re2+ 54.Kf5 Rf2 55.Ne6 Be5 56.Rh3 Kg8 57.Rg3+ Kf7 58.Ng5+ Ke7 59.Rf3 Rxf3 
60.Nxf3 Bf6 61.Kg6 Bb2 62.f5 Bf6 63.Nd2 Bd4 64.Ne4 Be5 65.f6+ Kf8 66.Ng5 
1-0

[Event "53rd World U20 ch"]
[Site "Pune IND"]
[Date "2014.10.10"]
[Round "5.30"]
[White "Abhishek, A."]
[Black "Prasanna, Raghuram Rao"]
[Result "1/2-1/2"]
[WhiteElo "2138"]
[BlackElo "2447"]
[EventDate "2014.10.06"]
[PlyCount "52"]

1.d4 f5 2.c4 Nf6 3.Nf3 d6 4.g3 g6 5.b4 Bg7 6.Bb2 O-O 7.Bg2 Qe8 8.O-O Nbd7 
9.Nbd2 h6 10.c5 Kh7 11.Qc2 c6 12.Rfe1 d5 13.Ne5 Ne4 14.f3 Nxd2 15.Qxd2 
Nxe5 16.dxe5 Be6 17.f4 Qb8 18.Bd4 g5 19.Qe3 Kg6 20.a4 Qc7 21.Reb1 g4 22.
Bf1 Bg8 23.Bg2 Be6 24.Bf1 Bg8 25.Bg2 Be6 26.Bf1 Bg8 1/2-1/2

[Event "53rd World U20 ch"]
[Site "Pune IND"]
[Date "2014.10.10"]
[Round "5.31"]
[White "Ben Artzi, Ido"]
[Black "Ronka, Erik"]
[Result "1-0"]
[WhiteElo "2423"]
[BlackElo "2183"]
[EventDate "2014.10.06"]
[PlyCount "55"]

1.d4 Nf6 2.c4 g6 3.Nc3 Bg7 4.e4 d6 5.f3 O-O 6.Be3 c5 7.Nge2 Qa5 8.Nc1 cxd4
9.Nb3 Qh5 10.Nxd4 Nc6 11.Be2 Nxd4 12.Bxd4 Qh4+ 13.g3 Qh3 14.Qd2 Bh6 15.Be3
Bxe3 16.Qxe3 Be6 17.b3 Qh5 18.O-O Qc5 19.Qxc5 dxc5 20.e5 Nd7 21.f4 f6 22.
exf6 Nxf6 23.Bf3 Rab8 24.Rfe1 Kf7 25.Re5 Nd7 26.Re3 Bh3 27.Ne4 h6 28.Nf2 
1-0

[Event "53rd World U20 ch"]
[Site "Pune IND"]
[Date "2014.10.10"]
[Round "5.32"]
[White "Deac, Bogdan-Daniel"]
[Black "Iniyan, P."]
[Result "1-0"]
[WhiteElo "2402"]
[BlackElo "2151"]
[EventDate "2014.10.06"]
[PlyCount "133"]

1.Nf3 Nf6 2.g3 g6 3.Bg2 Bg7 4.c4 O-O 5.d4 d6 6.Nc3 Nc6 7.O-O a6 8.h3 Rb8 
9.e4 b5 10.cxb5 axb5 11.Re1 b4 12.Nd5 Bb7 13.Bg5 Na5 14.Qa4 Nc4 15.Bxf6 
exf6 16.Qc2 Bxd5 17.exd5 Nb6 18.Qb3 f5 19.Qxb4 Nxd5 20.Qc4 Nb6 21.Qc6 Qd7 
22.Qxd7 Nxd7 23.b3 Bf6 24.Rac1 Rfc8 25.g4 fxg4 26.hxg4 g5 27.Red1 Nf8 28.
Bf1 Ne6 29.Ba6 Rd8 30.Bc4 Nf4 31.d5 Re8 32.Rc2 Re4 33.Bf1 Rb7 34.Rdd2 Ng6 
35.Rc4 Rxc4 36.Bxc4 Ne5 37.Nxe5 Bxe5 38.a4 Ra7 39.Bb5 Kg7 40.Kg2 Kf6 41.
Rd3 h6 42.b4 Bf4 43.Bc6 Ke5 44.a5 f5 45.gxf5 Kxf5 46.Ra3 g4 47.b5 h5 48.f3
gxf3+ 49.Kxf3 Bd2 50.a6 Ke5 51.Ra4 Bc3 52.Rh4 Ba5 53.Rxh5+ Kd4 54.Kf4 Kc5 
55.Kf5 Kb6 56.Ke6 Bb4 57.Kd7 Bc5 58.Rh8 Ka5 59.Kc8 Bb6 60.Kd7 Bd4 61.Rb8 
Bc5 62.Rb7 Ra8 63.Kxc7 Rh8 64.a7 Ra8 65.b6 Rh8 66.Rb8 Rh7+ 67.Bd7 1-0

[Event "53rd World U20 ch"]
[Site "Pune IND"]
[Date "2014.10.10"]
[Round "5.33"]
[White "Johansson, Linus"]
[Black "Yashas, D."]
[Result "1-0"]
[WhiteElo "2401"]
[BlackElo "2159"]
[EventDate "2014.10.06"]
[PlyCount "157"]

1.d4 Nf6 2.c4 e6 3.Nc3 Bb4 4.e3 c5 5.Bd3 Nc6 6.Nf3 Bxc3+ 7.bxc3 d6 8.O-O 
e5 9.Nd2 O-O 10.Rb1 h6 11.Re1 Re8 12.d5 Ne7 13.e4 g5 14.Nf1 Ng6 15.g3 b6 
16.Ne3 Kh7 17.Rb2 Rg8 18.Nf5 Ne7 19.Ne3 Ne8 20.Kh1 Ng6 21.f3 Ng7 22.Nf5 f6
23.h4 Nxf5 24.exf5 Ne7 25.g4 Kg7 26.Rh2 Kf7 27.hxg5 hxg5 28.Kg2 Rg7 29.
Reh1 Ng8 30.Rh8 Rb8 31.R1h6 Rb7 32.Qh1 Kf8 33.Rg6 Rxg6 34.fxg6 Rg7 35.Qh7 
Qe7 36.Kf2 Bd7 37.Bf5 Bxf5 38.gxf5 Qe8 39.Ke3 Qe7 40.Kd3 Qe8 41.Ke4 Qe7 
42.Qh2 Qb7 43.Qb2 Qa6 44.Qb3 Ke7 45.a4 Kf8 46.Bd2 Qc8 47.Qb5 Qd8 48.Bc1 a5
49.Bd2 Ke7 50.Qc6 Kf8 51.Bc1 Rd7 52.Bd2 Rg7 53.Rh7 Ne7 54.Rxg7 Kxg7 55.Qb7
Kh6 56.Kd3 Kg7 57.Ke2 Kh6 58.Kf2 Nxg6 59.fxg6 Kxg6 60.Kg2 f5 61.Be1 g4 62.
fxg4 fxg4 63.Qc6 Qf8 64.Qd7 Qf3+ 65.Kg1 Qe2 66.Qxd6+ Kf5 67.Qf8+ Kg6 68.
Qf2 Qxc4 69.d6 Qxa4 70.Qd2 Qd7 71.Qd5 a4 72.Qxe5 a3 73.c4 Kf7 74.Qh5+ Kf8 
75.Qh8+ Kf7 76.Qh7+ Ke6 77.Qg6+ Ke5 78.Bc3+ Kf4 79.Qf6+ 1-0

[Event "53rd World U20 ch"]
[Site "Pune IND"]
[Date "2014.10.10"]
[Round "5.34"]
[White "Nihal, Sarin"]
[Black "Ider, Borya"]
[Result "0-1"]
[WhiteElo "2018"]
[BlackElo "2394"]
[EventDate "2014.10.06"]
[PlyCount "92"]

1.d4 Nf6 2.Nf3 e6 3.c4 Bb4+ 4.Bd2 a5 5.Nc3 b6 6.e3 Bb7 7.Bd3 d6 8.O-O O-O 
9.a3 Bxc3 10.Bxc3 Ne4 11.Be1 f5 12.Nd2 Nxd2 13.Bxd2 Nd7 14.b3 Rf6 15.f3 
Rg6 16.Qe2 Qh4 17.Rae1 Rf8 18.e4 c5 19.exf5 exf5 20.d5 Bc8 21.Qf2 Qf6 22.
Bc1 Ne5 23.Bc2 a4 24.Bb2 axb3 25.Bxe5 dxe5 26.Bxb3 f4 27.Bc2 Rg5 28.Kh1 
Rh5 29.g4 fxg3 30.Qxg3 Rg5 31.Qf2 Bh3 32.Rg1 Rxg1+ 33.Kxg1 Qxf3 34.Qxf3 
Rxf3 35.Be4 Rf6 36.Bd3 Rf3 37.Be4 Rf4 38.d6 Kf7 39.Bd5+ Ke8 40.Bc6+ Kd8 
41.a4 Rf6 42.Rd1 h6 43.Kh1 Rf1+ 44.Rxf1 Bxf1 45.Bb5 Bh3 46.Kg1 Bd7 0-1

[Event "53rd World U20 ch"]
[Site "Pune IND"]
[Date "2014.10.10"]
[Round "5.35"]
[White "Prince, Bajaj"]
[Black "Fong Yit San"]
[Result "1-0"]
[WhiteElo "2369"]
[BlackElo "2149"]
[EventDate "2014.10.06"]
[PlyCount "57"]

1.e4 c5 2.b3 Nc6 3.Bb2 e5 4.Bc4 d6 5.Ne2 Nf6 6.Nbc3 Be7 7.O-O Bg4 8.h3 Bh5
9.Qe1 Bxe2 10.Qxe2 O-O 11.d3 Nd4 12.Qd1 Rb8 13.a4 a6 14.a5 Nc6 15.Nd5 Nxd5
16.Bxd5 Nxa5 17.f4 Bf6 18.fxe5 Bxe5 19.Bxe5 dxe5 20.Qh5 Qc7 21.Rf3 Rbe8 
22.Raf1 Re7 23.Rg3 Rd8 24.Rf6 Rd6 25.Qh6 g6 26.Rgxg6+ hxg6 27.Qxg6+ Kf8 
28.Qh6+ Ke8 29.Rxd6 1-0

[Event "53rd World U20 ch"]
[Site "Pune IND"]
[Date "2014.10.10"]
[Round "5.36"]
[White "Shailesh, Dravid"]
[Black "Nasanjargal, Urtnasan"]
[Result "1-0"]
[WhiteElo "2074"]
[BlackElo "2330"]
[EventDate "2014.10.06"]
[PlyCount "77"]

1.e4 c5 2.Nf3 d6 3.d4 cxd4 4.Nxd4 Nf6 5.Nc3 a6 6.Bg5 Nbd7 7.f4 Qc7 8.Qf3 
h6 9.Bxf6 Nxf6 10.Be2 e5 11.Nf5 d5 12.Ne3 d4 13.Ned5 Nxd5 14.Nxd5 Qa5+ 15.
Kf2 Bc5 16.Bd3 exf4 17.Qxf4 O-O 18.Rhf1 Qd8 19.Kg1 Ba7 20.Qf3 Be6 21.Nf4 
Bd7 22.e5 Bc6 23.Qh3 Bd7 24.Qf3 Bc6 25.Qh3 Bb5 26.Rae1 Bxd3 27.cxd3 Qe7 
28.Re4 Rad8 29.Nh5 Kh8 30.Nf6 Qe6 31.Rf5 Rc8 32.Rh4 Rc1+ 33.Kf2 Rc2+ 34.
Kg3 Rg8 35.Rg4 Rgc8 36.Rh5 Qxe5+ 37.Rxe5 Bb8 38.Rg5 R8c5 39.Qxh6+ 1-0

[Event "53rd World U20 ch"]
[Site "Pune IND"]
[Date "2014.10.10"]
[Round "5.37"]
[White "Kozganbay, Erkin"]
[Black "Rajdeep, Sarkar"]
[Result "0-1"]
[WhiteElo "2328"]
[BlackElo "2145"]
[EventDate "2014.10.06"]
[PlyCount "152"]

1.e4 e5 2.Nf3 Nc6 3.Bb5 g6 4.O-O Bg7 5.c3 d6 6.d4 Bd7 7.Re1 Nge7 8.h3 a6 
9.Bc4 O-O 10.a4 h6 11.dxe5 Nxe5 12.Nxe5 dxe5 13.Be3 Qc8 14.a5 Be6 15.Qb3 
Bxc4 16.Qxc4 Qd7 17.Nd2 Rfd8 18.Nb3 Qc6 19.Ra4 Qxc4 20.Rxc4 Nc6 21.Ra1 Bf8
22.g4 Rd3 23.Kf1 Rad8 24.Ke2 R3d7 25.Nc5 Bxc5 26.Rxc5 f6 27.Ra3 Na7 28.h4 
Nb5 29.Rb3 Nd6 30.f3 c6 31.g5 hxg5 32.hxg5 Kf7 33.Ra3 Rh8 34.gxf6 Rh2+ 35.
Bf2 Kxf6 36.Ra1 g5 37.Ke3 Nf7 38.Rg1 Rd8 39.Rc4 Nh6 40.Rb4 Rd7 41.Ra4 g4 
42.Raa1 Kg5 43.Rg3 Rf7 44.Rd1 Rxf3+ 45.Rxf3 gxf3 46.Kxf3 Ng4 47.Bg3 Rxb2 
48.Rg1 Rd2 49.Bxe5 Rd3+ 50.Ke2 Re3+ 51.Kd2 Rxe4 52.Bc7 Kf5 53.Rf1+ Ke6 54.
Rb1 Kd5 55.Bg3 Ne3 56.Bf2 Nc4+ 57.Kd3 Nxa5 58.Rg1 Nc4 59.Rg7 Ne5+ 60.Kd2 
b5 61.Bg3 Nc4+ 62.Kd1 Re3 63.Be1 a5 64.Rd7+ Ke6 65.Rd8 a4 66.Bd2 Rh3 67.
Bf4 Rxc3 68.Rc8 Kd5 69.Rd8+ Ke4 70.Bc1 Ne3+ 71.Kd2 Rc2+ 72.Ke1 Rxc1+ 73.
Ke2 Rc2+ 74.Ke1 Rc4 75.Re8+ Kd4 76.Kd2 Nd5 0-1

[Event "53rd World U20 ch"]
[Site "Pune IND"]
[Date "2014.10.10"]
[Round "5.38"]
[White "Gahan, M. G."]
[Black "Siva, Mahadevan"]
[Result "1/2-1/2"]
[WhiteElo "2252"]
[BlackElo "2141"]
[EventDate "2014.10.06"]
[PlyCount "37"]

1.e4 e5 2.Nf3 Nc6 3.d4 exd4 4.Nxd4 Bc5 5.Nxc6 Qf6 6.Qd2 dxc6 7.Nc3 Bd4 8.
Bd3 Ne7 9.O-O Ng6 10.Kh1 Ne5 11.f4 Ng4 12.Qe1 Nxh2 13.Kxh2 Qh6+ 14.Kg3 
Qg6+ 15.Kh2 Qh5+ 16.Kg3 Qg4+ 17.Kh2 Qh5+ 18.Kg3 Qg6+ 19.Kh2 1/2-1/2

[Event "53rd World U20 ch"]
[Site "Pune IND"]
[Date "2014.10.10"]
[Round "5.39"]
[White "Aradhya, Garg"]
[Black "Praneeth Surya, K."]
[Result "0-1"]
[WhiteElo "2068"]
[BlackElo "2251"]
[EventDate "2014.10.06"]
[PlyCount "106"]

1.d4 Nf6 2.c4 g6 3.Nc3 Bg7 4.e4 d6 5.f3 O-O 6.Be3 Nc6 7.Nge2 a6 8.Qd2 Na5 
9.Ng3 b5 10.h4 h5 11.b3 bxc4 12.b4 Nc6 13.a3 d5 14.e5 Ne8 15.Rc1 e6 16.Na4
a5 17.Nc5 axb4 18.axb4 Ne7 19.Ne2 f6 20.Nf4 fxe5 21.Nfxe6 Bxe6 22.Nxe6 Qd6
23.Nxf8 Kxf8 24.dxe5 Qxe5 25.Kf2 Nf5 26.Bc5+ Ned6 27.f4 Qb2 28.Qxb2 Bxb2 
29.Rd1 Ra2 30.Be2 Kg7 31.Rxd5 Ne4+ 32.Kf3 Ra3+ 33.Bd3 Rxd3+ 34.Rxd3 cxd3 
35.Rd1 Nxc5 36.bxc5 Bd4 37.Rxd3 Kf6 38.c6 Nxh4+ 39.Ke4 Bc5 40.Rd7 Bb6 41.
Rd8 Nxg2 42.Rf8+ Ke7 43.Rg8 Kf6 44.Rf8+ Kg7 45.Rb8 Nh4 46.Ke5 Nf5 47.Ke6 
Be3 48.Rb4 h4 49.Kd7 h3 50.Kxc7 h2 51.Rb1 Bxf4+ 52.Kd7 Ng3 53.c7 Bxc7 0-1

[Event "53rd World U20 ch"]
[Site "Pune IND"]
[Date "2014.10.10"]
[Round "5.40"]
[White "Yogit, S."]
[Black "Rindlisbacher, Jan"]
[Result "1-0"]
[WhiteElo "1954"]
[BlackElo "2217"]
[EventDate "2014.10.06"]
[PlyCount "99"]

1.e4 e5 2.Nf3 Nc6 3.Bb5 a6 4.Ba4 Nf6 5.d3 b5 6.Bb3 Be7 7.O-O d6 8.a4 Bd7 
9.c3 O-O 10.Nbd2 Na5 11.Bc2 c5 12.Re1 Qc7 13.Nf1 h6 14.Ne3 b4 15.Nh4 Rfb8 
16.Nhf5 Bf8 17.Qf3 Qd8 18.cxb4 Nc6 19.Qg3 Kh7 20.bxc5 dxc5 21.Nc4 Bxf5 22.
exf5 Bd6 23.Be3 Nb4 24.Rac1 Nbd5 25.Bb1 Nxe3 26.Qxe3 Ra7 27.Nxd6 Qxd6 28.
Qxe5 Qxe5 29.Rxe5 Nd7 30.Re2 Rb4 31.Ba2 Nf6 32.Rc4 a5 33.f3 h5 34.Rxb4 
axb4 35.Bc4 Rxa4 36.Bxf7 Ra7 37.Bc4 h4 38.Re5 Ra1+ 39.Kf2 Rb1 40.b3 Rb2+ 
41.Re2 Rxe2+ 42.Kxe2 Kh6 43.f4 h3 44.g3 Ng4 45.Be6 Kh5 46.f6 gxf6 47.Bxg4+
Kxg4 48.Kf2 Kh5 49.Kf3 f5 50.g4+ 1-0

[Event "53rd World U20 ch"]
[Site "Pune IND"]
[Date "2014.10.10"]
[Round "5.41"]
[White "Ritviz, Parab"]
[Black "Mohammad, Ashraf"]
[Result "1-0"]
[WhiteElo "2205"]
[BlackElo "2132"]
[EventDate "2014.10.06"]
[PlyCount "43"]

1.e4 c5 2.Nc3 Nc6 3.Bb5 Nd4 4.Bc4 e6 5.Nf3 a6 6.Nxd4 cxd4 7.Ne2 Qc7 8.d3 
Bc5 9.Bb3 Ne7 10.O-O b5 11.c3 Nc6 12.Bf4 Qb6 13.Rc1 d6 14.Ng3 O-O 15.Nh5 
Ne7 16.Qf3 Qd8 17.e5 Ra7 18.Bg5 dxe5 19.Nxg7 Kxg7 20.Bf6+ Kh6 21.Qg4 Rg8 
22.Qh4+ 1-0

[Event "53rd World U20 ch"]
[Site "Pune IND"]
[Date "2014.10.10"]
[Round "5.42"]
[White "Pranav, Shetty"]
[Black "Swain, Ashirwad"]
[Result "1-0"]
[WhiteElo "2191"]
[BlackElo "1998"]
[EventDate "2014.10.06"]
[PlyCount "79"]

1.e4 Nc6 2.Nf3 e5 3.Bc4 Nf6 4.d3 Be7 5.O-O d6 6.c3 O-O 7.Re1 Na5 8.Bb5 a6 
9.Ba4 b5 10.Bc2 c5 11.Nbd2 Qc7 12.Nf1 Bg4 13.h3 Bh5 14.Ng3 Bg6 15.Nh4 d5 
16.Nhf5 Rad8 17.Qf3 dxe4 18.dxe4 Ne8 19.Ne3 Nc4 20.Nxc4 bxc4 21.Nf5 Bxf5 
22.exf5 Bf6 23.Be3 Nd6 24.Rad1 Rfe8 25.g4 h6 26.Qg3 Qb6 27.Rb1 Qc6 28.h4 
e4 29.Bf4 Be7 30.Rbd1 Bf8 31.Qg2 Be7 32.Qh3 Bf8 33.Rd2 f6 34.Red1 Nf7 35.
Rxd8 Nxd8 36.Qe3 Nf7 37.Qe2 Ne5 38.Bxe5 Rxe5 39.Qxc4+ Kh7 40.Bb3 1-0

[Event "53rd World U20 ch"]
[Site "Pune IND"]
[Date "2014.10.10"]
[Round "5.43"]
[White "Vignesh, N. R."]
[Black "Vokhidov, Shamsiddin"]
[Result "0-1"]
[WhiteElo "2360"]
[BlackElo "2119"]
[EventDate "2014.10.06"]
[PlyCount "136"]

1.d4 Nf6 2.c4 e6 3.g3 d5 4.Nf3 Be7 5.Bg2 O-O 6.O-O dxc4 7.Qc2 a6 8.Qxc4 b5
9.Qc2 Bb7 10.Bd2 Be4 11.Qc1 Bb7 12.Bf4 Bd6 13.Nbd2 Nbd7 14.Nb3 Bd5 15.Rd1 
Qc8 16.Qe3 Qb7 17.Rac1 Rfd8 18.Qc3 b4 19.Qd3 a5 20.Bxd6 cxd6 21.Ne1 Bxg2 
22.Nxg2 a4 23.Nd2 a3 24.Rc2 Rdc8 25.Nc4 Qa6 26.bxa3 bxa3 27.Nge3 Rcb8 28.
Rc3 d5 29.Nxa3 Ne4 30.Qxa6 Rxa6 31.Rcd3 Rb2 32.Nec2 Rxa2 33.Rb1 Ra8 34.f3 
Nd6 35.Rc3 Nf5 36.Rb7 Nf8 37.Rb4 Ng6 38.g4 Nd6 39.Rb6 Nc8 40.Rb7 Nd6 41.
Rb6 Nc8 42.Rb4 Nce7 43.Rc7 h6 44.Kf2 f5 45.gxf5 Nxf5 46.Rc3 Nf4 47.Rbb3 
Nxe2 48.Kxe2 Nxd4+ 49.Kd2 Nxb3+ 50.Rxb3 Rc8 51.Rb7 Kh7 52.Rb6 e5 53.Kd3 d4
54.Rb3 Kg6 55.Nb4 Rf2 56.Ke4 Rc5 57.Nd5 Re2+ 58.Kd3 Rxh2 59.Rb6+ Kh5 60.
Rd6 Rb2 61.Ke4 Rb3 62.Ra6 d3 63.Ne3 d2 64.Rd6 Rxa3 65.Rxd2 Ra4+ 66.Kf5 
Rf4+ 67.Ke6 Rf6+ 68.Ke7 Rc7+ 0-1

[Event "53rd World U20 ch"]
[Site "Pune IND"]
[Date "2014.10.10"]
[Round "5.45"]
[White "Lokesh, P."]
[Black "Ajay Krishna, S"]
[Result "1-0"]
[WhiteElo "2303"]
[BlackElo "2072"]
[EventDate "2014.10.06"]
[PlyCount "105"]

1.e4 c5 2.Nf3 g6 3.Nc3 Bg7 4.Bc4 Nc6 5.O-O e6 6.d4 Nxd4 7.Nxd4 cxd4 8.Nb5 
Qb6 9.c3 Ne7 10.Nxd4 O-O 11.Be3 Qc7 12.Bb3 a6 13.Qd2 b6 14.Bh6 Bb7 15.Bxg7
Kxg7 16.Rfe1 Rad8 17.Rad1 Nc6 18.Re3 h6 19.Nf3 Rfe8 20.Rd3 Ne5 21.Nxe5 
Qxe5 22.f3 Bc6 23.Kh1 a5 24.Rd4 Ra8 25.a3 b5 26.Rf1 Qc5 27.f4 f5 28.e5 
Rab8 29.Bd1 b4 30.axb4 axb4 31.cxb4 Qb5 32.Be2 Qb6 33.h3 Rec8 34.Bf3 Bb5 
35.Rd1 Rc7 36.Qf2 Ra7 37.Be2 Ba4 38.b3 Bc6 39.b5 Bxb5 40.Qh4 Bc6 41.Qf6+ 
Kh7 42.Qf7+ Kh8 43.Qf6+ Kh7 44.Qf7+ Kh8 45.Qxg6 Ra1 46.Qxh6+ Kg8 47.Rd3 
Rxd1+ 48.Bxd1 Qf2 49.Qg5+ Kf8 50.Rg3 Bxg2+ 51.Rxg2 Qf1+ 52.Kh2 Rb4 53.Qf6+
1-0

[Event "53rd World U20 ch"]
[Site "Pune IND"]
[Date "2014.10.10"]
[Round "5.46"]
[White "Gajwa, Ankit"]
[Black "Patil, Pratik"]
[Result "1/2-1/2"]
[WhiteElo "2110"]
[BlackElo "2231"]
[EventDate "2014.10.06"]
[PlyCount "66"]

1.e4 c5 2.Nf3 e6 3.d4 cxd4 4.Nxd4 a6 5.Bd3 Bc5 6.Nb3 Ba7 7.O-O d6 8.Qe2 
Nc6 9.Be3 Nf6 10.Bxa7 Rxa7 11.c4 O-O 12.Nc3 e5 13.Qe3 b6 14.Be2 Nd7 15.Bg4
Nc5 16.Bxc8 Qxc8 17.Rad1 Nxb3 18.axb3 Nd4 19.Ne2 Nxe2+ 20.Qxe2 Rd7 21.Rd5 
f5 22.exf5 Rxf5 23.Rfd1 Rf6 24.Qe3 Qc7 25.Qd2 Re6 26.h3 h6 27.Qe2 Rf7 28.
R1d2 Rff6 29.Qe3 Kh8 30.Qe2 Kg8 31.Qe3 Kh8 32.Rd1 Re8 33.R1d2 Ree6 1/2-1/2

[Event "53rd World U20 ch"]
[Site "Pune IND"]
[Date "2014.10.10"]
[Round "5.47"]
[White "Deepthamsh, Reddy M."]
[Black "Chakravarthi Reddy, M."]
[Result "0-1"]
[WhiteElo "2071"]
[BlackElo "2217"]
[EventDate "2014.10.06"]
[PlyCount "86"]

1.c4 f5 2.Nf3 Nf6 3.g3 g6 4.Bg2 Bg7 5.O-O c5 6.d4 cxd4 7.Nxd4 O-O 8.Nc3 
Nc6 9.c5 Kh8 10.Rb1 Ng4 11.Nb3 b6 12.Bg5 Ba6 13.Re1 Nge5 14.Qd2 Rc8 15.
Red1 Nf7 16.Be3 Nce5 17.Bd4 bxc5 18.Bxc5 d6 19.Bd4 Qd7 20.f4 Nc4 21.Bxg7+ 
Kxg7 22.Qd4+ e5 23.fxe5 Ncxe5 24.Bd5 Rfd8 25.Qf2 Ng5 26.Qe3 Qe7 27.Kg2 Bb7
28.Na5 Ba6 29.Nb3 Re8 30.Nd4 Bb7 31.h4 Rxc3 32.Nxf5+ gxf5 33.bxc3 Bxd5+ 
34.Rxd5 Ngf7 35.Qd4 Rc8 36.Rdb5 Rc4 37.Qd5 Rg4 38.R1b4 Qxh4 39.Rxg4+ Qxg4 
40.Qd2 f4 41.Rb4 Qxg3+ 42.Kf1 Qh3+ 43.Kg1 f3 0-1

[Event "53rd World U20 ch"]
[Site "Pune IND"]
[Date "2014.10.10"]
[Round "5.48"]
[White "Raja, Harshit"]
[Black "Megalios, Konstantinos"]
[Result "1/2-1/2"]
[WhiteElo "2000"]
[BlackElo "2196"]
[EventDate "2014.10.06"]
[PlyCount "96"]

1.e4 c6 2.d4 d5 3.exd5 cxd5 4.c4 Nf6 5.Nc3 e6 6.Nf3 Bb4 7.cxd5 Nxd5 8.Bd2 
Nc6 9.Bd3 O-O 10.O-O Be7 11.a3 Bf6 12.Be3 Nce7 13.Ne4 b6 14.Nfg5 Nf5 15.
Nxf6+ Qxf6 16.Ne4 Qe7 17.Qe2 Bb7 18.Nc3 Ndxe3 19.fxe3 Qg5 20.Bxf5 exf5 21.
Qf2 Rfe8 22.Rae1 Rad8 23.e4 Ba6 24.Qxf5 Qxf5 25.Rxf5 Rxd4 26.Rd5 Rd8 27.
Rxd8+ Rxd8 28.Rd1 Rxd1+ 29.Nxd1 Bb7 30.Nc3 Kf8 31.Kf2 Ke7 32.Ke3 Ke6 33.
Kd4 f5 34.g3 fxe4 35.Nxe4 h6 36.b4 Bc6 37.Nf2 Kf5 38.Nd3 g5 39.Ne5 Bg2 40.
Nf7 h5 41.Ke3 Bc6 42.Nd6+ Kg4 43.Kf2 Bd7 44.Ne4 Kf5 45.Ke3 Bc6 46.Nd6+ Ke5
47.Nf7+ Kf6 48.Nd6 Ke5 1/2-1/2